Rindu cintaku
| Main Author: | |
|---|---|
| Format: | Book |
| Published: |
Selangor :
Intens Idea International Sdn Bhd ,
2009
|
| Subjects: |
MARC
| LEADER | 00000cam a2200000 7i4500 | ||
|---|---|---|---|
| 001 | 0000034830 | ||
| 005 | 20121015.0 | ||
| 008 | 121015 | ||
| 020 | |a 9834345020 | ||
| 090 | 0 | 0 | |a FAU |b MAL |
| 100 | 0 | |a Fauziah Ashari | |
| 245 | 1 | 0 | |a Rindu cintaku |c Fauziah Ashari |
| 260 | |a Selangor : |b Intens Idea International Sdn Bhd , |c 2009 | ||
| 650 | 0 | |a Malay fiction |x Malay | |
| 999 | |a 0001158954 |b Book |c Adult Collection |e Perbadanan Perpustakaan Awam Johor | ||